VÍCE ZDRAVÍ A RADOSTI NAŠIM DĚTEM!

Bibliographic Details
Main Author: Fottová, M. (Author)
Format: Article
Language:Czech

MARC

LEADER 00000nab a2200000uu 4500
001 vtls011141834
003 SK-MaSNL
005 20260303111100.0
008 230121|1958 xo |||||||||||||||||cze|
015 |a SNBRB 
035 |a (urnnbn)urn:nbn:sk:snk:ar-008cuj 
035 |a (uuid)65c90cc5-cedd-4a82-82db-5074b369b88c 
035 |a urn:nbn:sk:snk-abatgb 
040 |a SNKBUCL  |b slo  |c SNKBUCL  |e AACR2 
041 0 |a cze 
044 |a xo  |c SK 
100 1 |a Fottová, M.  |4 aut  |9 1123177 
245 1 0 |a VÍCE ZDRAVÍ A RADOSTI NAŠIM DĚTEM!  |c M. Fottová 
773 0 |t Předškolní výchova  |g Roč. 12, č. 8 (1958), s. 327-332 
954 |a odborná, vedecká literatúra cudzojazyčná (svetová)  |2 lita 
958 |a OND 
958 |a EUIPO 
958 |a article14 
999 |c 1874721  |d 1876651